000 01186nam0a2200325 4500
001 RU\NLR\bibl\440430
005 20260406025944.0
010 _a5-8183-0277-6
_97000
021 _aRU
_b2003-44903
_92140
035 _a(NLR Aleph) 000434194
090 _a773374
_c773374
100 _a20030926d2003 |||y0rusy50 ca
101 0 _arus
102 _aRU
105 _aa |||||||||
200 1 _aПолный курс массажа
_eУчеб. пособие
_fВ.Н. Фокин
205 _a2-е изд., испр. и доп.
210 _aМ.
_cГранд
_cФаир-Пресс
_d2003
215 _a508 с.
_cил.
_d21
225 1 _aПопулярная медицина
320 _aБиблиогр.: с. 500-502
606 0 _aМассаж
_jРуководства, пособия и т.п.
_91038657
_3RU\NLR\auth\6681685
606 0 _aМассаж
_jУчебные издания
_91038657
_3RU\NLR\auth\6681685
686 _aР354.12я7
700 1 _4070
_7ca
_8rus
_aФокин
_bВ. Н.
_f1939 -
_gВалерий Николаевич
_9110406
_3RU\NLR\auth\77351
801 0 _aRU
_bNLR
_c20030926
_gPSBO
801 1 _aRU
_bNLR
_c20030926
942 _cBOOK
980 _aNB